sinfo (Record no. 6376)

MARC details
000 -LEADER
fixed length control field 00459nas a22001937i 4500
001 - CONTROL NUMBER
control field 7492
003 - CONTROL NUMBER IDENTIFIER
control field OSt
005 - DATE AND TIME OF LATEST TRANSACTION
control field 20170126082401.0
007 - PHYSICAL DESCRIPTION FIXED FIELD--GENERAL INFORMATION
fixed length control field tu
008 - FIXED-LENGTH DATA ELEMENTS--GENERAL INFORMATION
fixed length control field 161220s xxu||||| |||| 00| 0 d
024 7# - OTHER STANDARD IDENTIFIER
Standard number or code 7492
Source of number or code RID
024 7# - OTHER STANDARD IDENTIFIER
Standard number or code 7492
Source of number or code RSN (alt)
040 ## - CATALOGING SOURCE
Transcribing agency OSt
100 1# - MAIN ENTRY--PERSONAL NAME
Personal name Autor,
245 00 - TITLE STATEMENT
Title sinfo
260 ## - PUBLICATION, DISTRIBUTION, ETC.
Place of publication, distribution, etc. Ljubljana :
Name of publisher, distributor, etc. Government of Slovenia PR and Media Office.
856 ## - ELECTRONIC LOCATION AND ACCESS
Uniform Resource Identifier <a href="http://www.ukom.gov.si">http://www.ukom.gov.si</a>
866 #0 - TEXTUAL HOLDINGS--BASIC BIBLIOGRAPHIC UNIT
-- laufender und vorheriger Jahrgang
942 ## - ADDED ENTRY ELEMENTS (KOHA)
Koha item type Journal

No items available.

The Vienna Instiute for International Economic Studies (wiiw)